|
|
|
|
| LEADER |
00000cam a22000002c 4500 |
| 001 |
1647274419 |
| 003 |
DE-627 |
| 005 |
20220616130532.0 |
| 007 |
tu |
| 008 |
890612s1983 xx ||||| m 00| ||ger c |
| 015 |
|
|
|a 84,H02,0483
|2 dnb
|
| 016 |
7 |
|
|a 840134835
|2 DE-101
|
| 035 |
|
|
|a (DE-627)1647274419
|
| 035 |
|
|
|a (DE-576)017861993
|
| 035 |
|
|
|a (DE-599)DNB840134835
|
| 035 |
|
|
|a (OCoLC)46067932
|
| 040 |
|
|
|a DE-627
|b ger
|c DE-627
|e rakwb
|
| 041 |
|
|
|a ger
|
| 100 |
1 |
|
|a Bämayr, Argeo
|0 (DE-588)1027671853
|0 (DE-627)72953622X
|0 (DE-576)373520212
|4 aut
|
| 109 |
|
|
|a Bämayr, Argeo
|a Bämayr, A.
|
| 245 |
1 |
0 |
|a Über den Selbstmord von 119 Ärzten, Ärztinnen, Zahnärzten und Zahnärztinnen in Oberbayern von 1963 bis 1978
|c von Argeo Bämayr
|
| 264 |
|
1 |
|c 1983
|
| 300 |
|
|
|a VII, 288 S.
|
| 336 |
|
|
|a Text
|b txt
|2 rdacontent
|
| 337 |
|
|
|a ohne Hilfsmittel zu benutzen
|b n
|2 rdamedia
|
| 338 |
|
|
|a Band
|b nc
|2 rdacarrier
|
| 502 |
|
|
|a München, Univ., Diss., 1983
|
| 583 |
1 |
|
|a Archivierung prüfen
|c 20200919
|f DE-640
|z 3
|2 pdager
|
| 655 |
|
7 |
|a Hochschulschrift
|0 (DE-588)4113937-9
|0 (DE-627)105825778
|0 (DE-576)209480580
|2 gnd-content
|
| 689 |
0 |
0 |
|d g
|0 (DE-588)1099127971
|0 (DE-627)857842870
|0 (DE-576)469232838
|a Bezirk Oberbayern
|2 gnd
|
| 689 |
0 |
1 |
|d s
|0 (DE-588)4003157-3
|0 (DE-627)104544988
|0 (DE-576)208850414
|a Arzt
|2 gnd
|
| 689 |
0 |
2 |
|d s
|0 (DE-588)4054423-0
|0 (DE-627)106162845
|0 (DE-576)209108606
|a Suizid
|2 gnd
|
| 689 |
0 |
3 |
|a z
|2 gnd
|a Geschichte 1963-1978
|
| 689 |
0 |
|
|5 (DE-627)
|
| 689 |
1 |
0 |
|d g
|0 (DE-588)1099127971
|0 (DE-627)857842870
|0 (DE-576)469232838
|a Bezirk Oberbayern
|2 gnd
|
| 689 |
1 |
1 |
|d s
|0 (DE-588)4067303-0
|0 (DE-627)104377119
|0 (DE-576)209169303
|a Zahnarzt
|2 gnd
|
| 689 |
1 |
2 |
|d s
|0 (DE-588)4054423-0
|0 (DE-627)106162845
|0 (DE-576)209108606
|a Suizid
|2 gnd
|
| 689 |
1 |
3 |
|a z
|2 gnd
|a Geschichte 1963-1978
|
| 689 |
1 |
|
|5 (DE-627)
|
| 689 |
2 |
0 |
|d g
|0 (DE-588)1099127971
|0 (DE-627)857842870
|0 (DE-576)469232838
|a Bezirk Oberbayern
|2 gnd
|
| 689 |
2 |
1 |
|d s
|0 (DE-588)4003157-3
|0 (DE-627)104544988
|0 (DE-576)208850414
|a Arzt
|2 gnd
|
| 689 |
2 |
2 |
|d s
|0 (DE-588)4054423-0
|0 (DE-627)106162845
|0 (DE-576)209108606
|a Suizid
|2 gnd
|
| 689 |
2 |
|
|5 (DE-627)
|
| 689 |
3 |
0 |
|d s
|0 (DE-588)4003157-3
|0 (DE-627)104544988
|0 (DE-576)208850414
|a Arzt
|2 gnd
|
| 689 |
3 |
1 |
|d s
|0 (DE-588)4054423-0
|0 (DE-627)106162845
|0 (DE-576)209108606
|a Suizid
|2 gnd
|
| 689 |
3 |
|
|5 (DE-627)
|
| 751 |
|
|
|a München
|0 (DE-588)4127793-4
|0 (DE-627)105722073
|0 (DE-576)209596570
|4 uvp
|
| 951 |
|
|
|a BO
|
| ELC |
|
|
|b 1
|
| LOK |
|
|
|0 000 xxxxxcx a22 zn 4500
|
| LOK |
|
|
|0 001 3322257010
|
| LOK |
|
|
|0 003 DE-627
|
| LOK |
|
|
|0 004 1647274419
|
| LOK |
|
|
|0 005 20150312152929
|
| LOK |
|
|
|0 008 150312||||||||||||||||ger|||||||
|
| LOK |
|
|
|0 040
|a DE-21-110
|c DE-627
|d DE-21-110
|
| LOK |
|
|
|0 689
|a s
|a Suizid
|
| LOK |
|
|
|0 852
|z Kein Bestand am IfK; Nachweis für KrimDok
|
| LOK |
|
|
|0 852
|a DE-21-110
|
| LOK |
|
|
|0 852 1
|m v
|9 00
|
| LOK |
|
|
|0 935
|a k110
|
| LOK |
|
|
|0 938
|k v
|
| LOK |
|
|
|0 939
|a 12-03-15
|b l01
|
| ORI |
|
|
|a SA-MARC-krimdoka001.raw
|
| TIM |
|
|
|a 100019630101_100019781231
|b Geschichte 1963-1978
|